Varíme s Palmou

Bibliographic Details
Other Authors: Pálková, Marta, 1937- (Compiler)
Format: Book
Language:Slovak
PhysicalDescription:144 s. 15 cm
Published: Bratislava Semic Media 2000
ISBN:8071472530
Series:Knižnica Ženského magazínu Recepty
Subjects:

MARC

LEADER 00000nam a2200000 a 4500
001 vtls001400104
003 SK-MaSNL
005 20260302001142.0
008 240226s2000 xo g f 000 0 slo
015 |a SNBA2001/02-00434 
020 |a 8071472530 
035 |a SNK000354582 
035 |a urn:nbn:sk:snk-am3hok2 
035 |a EB4C82EA-86E4-402E-94DC-0B36FBE406A0 
035 |a urn:nbn:sk:snk-am00cv3u 
040 |a SNK  |b slo  |c SNK  |e AACR2 
041 0 |a slo 
044 |a xo  |c SK 
080 |a 641.5=(083.12)  |2 1981 
245 0 0 |a Varíme s Palmou  |c [recepty podľa námetov čitateľov spracovala Marta Pálková] 
260 |a Bratislava  |b Semic Media  |c 2000 
300 |a 144 s.  |c 15 cm 
490 1 |a Knižnica Ženského magazínu. Recepty  |v 5/4 
500 |a Údaj o sprac. prevzatý z rubu tit. strany 
500 |a Hl. edícia má č. 22 
650 0 7 |a jedlá  |2 SNKPH 
650 0 7 |a varenie  |2 SNKPH  |9 4177 
655 7 |a príručky  |2 SNKPH  |9 74364 
655 7 |a kuchárske recepty  |2 SNKPH  |9 70493 
700 1 |a Pálková, Marta,  |d 1937-  |4 com  |9 525478 
830 0 |a Knižnica Ženského magazínu  |p Recepty  |9 526052 
919 |a 80-7147-253-0 
958 |a TL 
958 |a SK 
999 |c 982698  |d 984628 
952 |t P60, <03>, [BOOK], {603}  |a SNK  |b SNK  |y PREZ  |7 0  |p 17A0258522  |o snkSE 9914  |i snkKSP 12140/2000  |0 0  |1 0  |4 0  |d 2000-11-14  |f 1  |l 0  |r 2005-01-02 00:00:00  |w 2026-02-24 
952 |t P60, <09>, [BOOK], {629}  |a SNK  |b SNK  |y NEVYP  |7 0  |o snkE 70  |i snk1186/20001116  |0 0  |1 0  |4 0  |d 2000-11-14  |l 0  |r 2005-01-02 00:00:00  |w 2026-02-24 
952 |t P60, <04>, [BOOK], {604}  |a SNK  |b SNK  |y VYP  |7 0  |p 17A0258523  |o snkSE 9914 D1  |i snkKSP 12141/2000  |0 0  |1 0  |4 0  |d 2000-11-14  |l 0  |r 2005-01-02 00:00:00  |w 2026-02-24